ਵਿਅੰਗ ਤਰੰਗ : (Record no. 111065)

MARC details
000 -LEADER
fixed length control field 00984nam a22002417a 4500
005 - DATE AND TIME OF LATEST TRANSACTION
control field 20170123164201.0
010 ## - LIBRARY OF CONGRESS CONTROL NUMBER
LC control number A-824858
020 ## - INTERNATIONAL STANDARD BOOK NUMBER
Terms of availability 150.00
035 ## - SYSTEM CONTROL NUMBER
System control number A-824858
040 ## - CATALOGING SOURCE
Original cataloging agency DPL
Language of cataloging PN
082 ## - DEWEY DECIMAL CLASSIFICATION NUMBER
Classification number 857
Item number ਗਰਗ
245 ## - TITLE STATEMENT
Title ਵਿਅੰਗ ਤਰੰਗ :
Statement of responsibility, etc ਸੰਪਾਦਕ ਕੇ.ਔਲ.ਗਰਗ
Remainder of title ਹਾਸ-ਵਿਅੰਗ ਲੇਕ /
246 ## - VARYING FORM OF TITLE
Title proper/short title Vyang-tarang : collected essays of the humour & staire /
Remainder of title edited by K. L. Garg
260 ## - PUBLICATION, DISTRIBUTION, ETC. (IMPRINT)
Place of publication, distribution, etc ਦਿੱਲੀ
Name of publisher, distributor, etc ਨੈਸ਼ਨਲ ਬੁਕ ਸ਼ਾਪ
Date of publication, distribution, etc 1996
270 ## - ADDRESS
Address ਪਲੱਈਅਰ ਗਾਰਡਨ ਮਾਰਕਿਟ,ਚਾਂਚਨੀ ਚੈਕ
City ਦਿੱਲੀ
Postal code 110006
300 ## - PHYSICAL DESCRIPTION
Extent 165p.
Dimensions 23cm(Hb)
650 ## - SUBJECT ADDED ENTRY--TOPICAL TERM
Topical term or geographic name as entry element ਪੰਜਾਬੀ ਵਿਅੰਗ
9 (RLIN) 133077
650 ## - SUBJECT ADDED ENTRY--TOPICAL TERM
Topical term or geographic name as entry element ਪੰਜਾਬੀ ਸਾਹਿਤ
9 (RLIN) 133078
650 ## - SUBJECT ADDED ENTRY--TOPICAL TERM
Topical term or geographic name as entry element Punjabi Irony
9 (RLIN) 7379
650 ## - SUBJECT ADDED ENTRY--TOPICAL TERM
Topical term or geographic name as entry element Punjabi Literature
9 (RLIN) 133079
700 ## - ADDED ENTRY--PERSONAL NAME
Personal name ਗਰਗ, ਕੇ.ਔਲ
9 (RLIN) 42260
942 ## - ADDED ENTRY ELEMENTS (KOHA)
Source of classification or shelving scheme Dewey Decimal Classification
Koha item type Punjabi Bks
Classification part 857
Call number suffix ਗਰਗ
Holdings
Withdrawn status Lost status Damaged status Not for loan Home library Current library Date acquired Source of acquisition Cost, normal purchase price Total Checkouts Full call number Barcode Date last seen Copy number Cost, replacement price Price effective from Koha item type
        Central Library Central Library 12/02/2016 Cen Lib/Ret 150.00   857 ਗਰਗ A-824858 12/02/2016 1 150.00 12/02/2016 Punjabi Bks

© Delhi Public Library
Hit Counter
free hit counter